000 00960nam a22002897i 4500
003 DO-SdBNP
005 20240417112432.0
007 ta
008 240415b |||||||| |||| 00| 0 eng d
020 _a9789945185447
040 _aDO-SdBNP
_bspa
_cBNPHU
_erda
082 4 _222
100 1 _aRabinowicz, Nora,
_d1977-
_eautor
_985246
245 _aRaíces en tierra seca /
_cNora Rabinowicz ; editorial Pérez Luis Reynaldo.
264 1 _aSanto Domingo :
_bLuna Insomne Editores,
_c2023.
300 _a54 páginas ;
_c21 cm.
336 _2rdacontent
_atexto
_btxt
337 _2rdamedia
_asin mediación
_bn
338 _2rdacarrier
_avolumen
_bnc
490 _aCarta de ruta. Narrativa contemporánea ;
_v14
500 _aIncluye datos biográficos de la autora en la página
590 _aInventariado, 2024 /LP
650 4 _aLiteratura argentina
_93860
700 1 _aPérez, Luis Reynaldo,
_eeditorial
_972897
910 _aLP
942 _2ddc
_cLBS1
999 _c56412
_d56412